000
00307nam a2200121Ia 4500
005
20251222144823.0
008
251222s9999||||xx |||||||||||||| ||spa||
082
_a
920.985/C29
100
_a
Vargas Ugarte, Rubén
245
0
_a
Ramon Castilla
264
_b
Instituto Libertador Ramón Castilla
942
_c
LIB
999
_c
20562
_d
20562